000 00291nam a22001337a 4500
008 170927b xxu||||| |||| 00| 0 eng d
020 _a9780811811217
041 _aeng
080 _a37
100 _a47
101 _aEDU
245 _aWHEN PIGASSO MET MOOTISSE
_cLADEN.N
942 _2udc
_cBK
999 _c30280
_d30280